banner-ar

الوردية الثانية فى حياة المرأة العاملة / (Record no. 29799)

MARC details
000 -الفاتح
حقل البيانات ثابتة الطول 00845nam a2200265Ia 4500
008 - عناصر البيانات ثابتة الطول - معلومات عامة
حقل البيانات ثابتة الطول 140319s9999 xx 000 0 ara d
040 ## - مصدر الفهرسة
وكالة الفهرسة الأصلية GCL /
وكالة النسخ GCL
082 04 - رقم تصنيف ديوى العشرى
رقم التصنيف 331.4
رقم المادة هـ و
100 1# - المدخل الرئيسى - إسم شخصى
الإسم الشخصى نيفين غراب
245 10 - بيان العنوان
العنوان الوردية الثانية فى حياة المرأة العاملة /
بيان المسئوليه,etc نيفين غراب
700 1# - المدخل الاضافى - اسم شخصى
الإسم الشخصى عزة عبدالفتاح الجوهرى
700 1# - المدخل الاضافى - اسم شخصى
الإسم الشخصى هوكستشايلد، ارلى
700 1# - المدخل الاضافى - اسم شخصى
الإسم الشخصى ماشنج, ان
260 ## - PUBLICATION, DISTRIBUTION, ETC. (IMPRINT)
تاريخ النشر أو التوزيع 1994
300 ## - الوصف المادى
التعداد 408 ص
490 ## - بيان السلسلة
عنوان السلسلة
650 04 - المدخل الاضافى بالموضوع-مصطلح موضوعى
مصطلح موضوعي الاسرة
650 04 - المدخل الاضافى بالموضوع-مصطلح موضوعى
مصطلح موضوعي المرأة
650 04 - المدخل الاضافى بالموضوع-مصطلح موضوعى
مصطلح موضوعي المرأة فى الحياة العامة
650 04 - المدخل الاضافى بالموضوع-مصطلح موضوعى
مصطلح موضوعي المرأة العاملة
650 04 - المدخل الاضافى بالموضوع-مصطلح موضوعى
مصطلح موضوعي الزواج
650 04 - المدخل الاضافى بالموضوع-مصطلح موضوعى
مصطلح موضوعي الامهات
942 ## - عناصر المدخل الإضافي( كوها)
مصدر التصنيف او مخطط الترفيف Dewey Decimal Classification
Koha [default] item type كتاب
260 ## - PUBLICATION, DISTRIBUTION, ETC. (IMPRINT)
-- [S.N] :
-- الدار الدولية للنشر والتوزيع ،
Holdings
حالة التراجع حالة الفقد حالة تلف ليس للاعارة المكان المؤقت الموقع الحالى تاريخ الاكتساب اجمالي اﻻعارات رقم الطلب الباركود تاريخ اخر مشاهدة تاريخ تفعيل السعر نوع وعاء كوها
        مكتبة القاهرة الكبرى مكتبة القاهرة الكبرى 03/26/2014   331.4\هـ و 69135 03/26/2014 03/26/2014 كتاب
        مكتبة القاهرة الكبرى مكتبة القاهرة الكبرى 03/26/2014   331.4\هـ و 69136 03/26/2014 03/26/2014 كتاب
        مكتبة القاهرة الكبرى مكتبة القاهرة الكبرى 03/26/2014   331.4\هـ و 69137 03/26/2014 03/26/2014 كتاب
        مكتبة القاهرة الكبرى مكتبة القاهرة الكبرى 03/26/2014   331.4\هـ و 69138 03/26/2014 03/26/2014 كتاب

Powered By

EGPV